| 000 | 00480nam a22001577a 4500 | ||
|---|---|---|---|
| 999 |
_c525213 _d525213 |
||
| 003 | NUST | ||
| 038 | _aMr. Zahoor | ||
| 082 | _a621.3 | ||
| 100 |
_aAbbasi, Saadullah Farooq _915961 |
||
| 245 |
_aImage Transformation Into A Visually Meaningful Encrypted Image / _cSaadullah Farooq Abbasi |
||
| 260 |
_aIslamabad : _bCEME - NUST, _c2017. |
||
| 300 |
_ax, 32 p. : ill. ; _c30 cm. |
||
| 500 | _aHardcover. | ||
| 600 |
_aElectrical Engineering - MS Thesis. _915630 |
||
| 942 |
_2ddc _cTHE |
||